000 00265nam a2200109Ia 4500
008 190216s9999||||xx |||||||||||||| ||und||
100 _aGopinatha Menon
245 0 _aJ P S Menon Adaranjali
260 _bSoviet Nad Grenthashala
650 _aOormakurip
942 _cBK
999 _c25653
_d25653